000 00258nam a2200097Ia 4500
008 190216s9999||||xx |||||||||||||| ||und||
100 _aThomas Lee Growell Jr
245 0 _aGlossary Of Phrases With Prepositions
260 _bPentice Hall Of India
942 _cREF
999 _c35091
_d35091